| 000 | 00600nam a22001817a 4500 | ||
|---|---|---|---|
| 003 | CEME | ||
| 005 | 20210628203421.0 | ||
| 008 | 210118b xxu||||| |||| 00| 0 eng d | ||
| 020 | _a0-07-143689-8 | ||
| 040 | _cceme | ||
| 082 | _a621.815 BRO | ||
| 100 |
_aBrown, Thomas .H _955858 |
||
| 245 | _aMarks' calculation for machine design | ||
| 260 |
_aUSA _bMCGRAW HILL _c2005 |
||
| 300 | _aXV,445P | ||
| 650 |
_aCALCULATION FOR MACHINE DESIGN. MACHINE DESIGN-CALCULATIONS.FOUNDATIONAL LOADING.THERMAL STRESS AND STRAIN.STATIC DESIGN.COLUMN BUCKLING.FATIGUE.DYNAMIC LOADING _965307 |
||
| 942 |
_cBK _2ddc |
||
| 999 |
_c573561 _d573561 |
||